Fundamental of Corporate Finance (Record no. 194130)
[ view plain ]
| 000 -LEADER | |
|---|---|
| fixed length control field | 01288 a2200157 4500 |
| 003 - CONTROL NUMBER IDENTIFIER | |
| control field | Nust |
| 005 - DATE AND TIME OF LATEST TRANSACTION | |
| control field | 20230306145551.0 |
| 040 ## - CATALOGING SOURCE | |
| Transcribing agency | Nust |
| 082 ## - DEWEY DECIMAL CLASSIFICATION NUMBER | |
| Classification number | 334,BRE |
| 100 ## - MAIN ENTRY--PERSONAL NAME | |
| Personal name | Richard A. Brealey and Stewart C. Myers |
| 9 (RLIN) | 109894 |
| 245 ## - TITLE STATEMENT | |
| Title | Fundamental of Corporate Finance |
| Remainder of title | Study Guide to accompany / |
| Statement of responsibility, etc. | Richard A. Brealey and Stewart C. Myers |
| 260 ## - PUBLICATION, DISTRIBUTION, ETC. | |
| Place of publication, distribution, etc. | America |
| Name of publisher, distributor, etc. | Mc Graw-Hill |
| Date of publication, distribution, etc. | 1999 |
| 300 ## - PHYSICAL DESCRIPTION | |
| Extent | iii,334p; |
| 505 ## - FORMATTED CONTENTS NOTE | |
| Formatted contents note | The Firm and the Financial Manager (Page-1), Accounting and Finance (Page-11), The Time Value of Money (Page-25), Valuing Bonds Stocks (Page-41), Net Present Value and Investment Criterial (Page-63), Introduction to Risk Return and the Opportunity Cost of Capital (Page-107) Risk Return and Capital Budgeting (Page-121), The Cost of Capital (Page-133), Corporate Financing and the Lessons of Market Efficiency (Page-147) An Overview of Corporate Financing (Page-157), Debt Policy (Page-183), Dividend Policy (Page-197), Financial Planning (Page-227), Working Capital Management and Short-Time Planning (Page-239), Cash and Inventory Management (Page-255), Credit Management and Bankruptcy (Page-273), International Financial Management (Page-301), Options (Page-311), Risk Management (Page-323), What we do and not Know About Finance (Page-331). |
| 942 ## - ADDED ENTRY ELEMENTS (KOHA) | |
| Source of classification or shelving scheme | |
| Koha item type | Book |
| Withdrawn status | Lost status | Source of classification or shelving scheme | Damaged status | Not for loan | Permanent Location | Current Location | Shelving location | Date acquired | Full call number | Barcode | Date last seen | Price effective from | Koha item type | Public note |
|---|---|---|---|---|---|---|---|---|---|---|---|---|---|---|
| Military College of Signals (MCS) | Military College of Signals (MCS) | General Stacks | 12/12/2016 | 334,BRE | MCS36191 | 12/08/2016 | 12/12/2016 | Book | Almirah No.73, Shelf No.6 |
